000 00565nam a2200193Ia 4500
005 20250508155451.0
008 008 250505s9999 xx 000 0 eng d
037 _aTextual
040 _aFEDL
_beng
_cFEDL
041 _aeng
_2eng
084 _a37.07, PIR
_qFEDL
100 _aPires E. A.
245 0 _aInvestigation into the practical training of secondary teachers in India
260 _aDelhi, India
_bCentral Institute of Education
300 _a280-298p
650 _aEducation
942 _cTEXL
_h37.07, PIR
999 _c1357107
_d1357107